Thủy khí động lực ứng dụng

Uloženo v:
Podrobná bibliografie
Hlavní autor: Hoàng, Bá Chư
Médium: Kniha
Jazyk:Undetermined
Vydáno: Hà Nội Khoa học và Kỹ thuật 2003
Témata:
Tagy: Přidat tag
Žádné tagy, Buďte první, kdo otaguje tento záznam!
Thư viện lưu trữ: Trung tâm Học liệu Trường Đại học Cần Thơ
LEADER 00551nam a2200193Ia 4500
001 CTU_75970
008 210402s9999 xx 000 0 und d
020 |b 45000 
082 |a 532 
082 |b Ch550 
100 |a Hoàng, Bá Chư 
245 0 |a Thủy khí động lực ứng dụng 
245 0 |c Hoàng Bá Chư 
260 |a Hà Nội 
260 |b Khoa học và Kỹ thuật 
260 |c 2003 
650 |a Fluid mechanics,Aeromechanics 
904 |i Minh,Hải 
980 |a Trung tâm Học liệu Trường Đại học Cần Thơ